000 00773nam a22003017a 4500
001 BR0405162
003 BR-BrBNA
005 20230928101748.0
007 ta
008 230509b bl.||||| |||| 00| 0 por d
040 _aBR-BrBNA
_bpor
_cBiblioteca Nacional de Agricultura
041 _a(Por)
072 _aM12
_b8415
090 _ 8415 BR0405162
100 1 _aVieira, M.I.
245 1 _aEscargots: criação doméstica e comercial
250 1 _a3. ed.
260 3 _aSão Paulo, SP (Brasil):
_c1985.
300 _a131 p.
500 _a46 illus.
650 _aESCARGOT
650 _aCRIAÇÃO
650 _aREPRODUÇÃO ANIMAL
650 _aNUTRIÇÃO ANIMAL
650 _aINSTALAÇÃO PARA ANIMAL
909 _a202309
_bLucia
_c55
_dLucia Elande
942 _cBK
999 _c67450
_d67450